000 00928nam a22002417a 4500
005 20170418164236.0
010 _a1617CH-EN
020 _a9780753436622
_c299.00
035 _aB-646943-960
035 _aB-667895
037 _bTechniz/ven
_adpl
082 _aS
100 _aFeldman, Thea
245 _aAnimal colours/
_cby Thea Feldman
260 _aLondon
_bKingfisher Publications
_c2014
270 _a 20,New Wharf Road,
_bLondon
_eN19RR
300 _a32 p.
_bcol. ill.
_c23 cm.(pbk)
490 _aKIngfisher Readers level-1
856 _3Publisher description
942 _2ddc
_cCH
_hS
_mFEL
999 _c100481
_d100481